书目信息 |
| 题名: |
安全相似系统学
|
|
| 作者: | 贾楠 , 吴超 著 | |
| 分册: | ||
| 出版信息: | 北京 化学工业出版社 2017.10 |
|
| 页数: | 149页 | |
| 开本: | 24cm | |
| 丛书名: | ||
| 单 册: | ||
| 中图分类: | X913 | |
| 科图分类: | ||
| 主题词: | 安全系统学 | |
| 电子资源: | ||
| ISBN: | 978-7-122-30572-5 | |
| 000 | 00938nam0 2200241 450 | |
| 001 | 5531 | |
| 005 | 20181016105240.20 | |
| 010 | @a978-7-122-30572-5@dCNY78.00 | |
| 100 | @a20180513d2017 em y0chiy50 ea | |
| 101 | 0 | @achi |
| 102 | @aCN@b110000 | |
| 105 | @ay z 000yy | |
| 200 | 1 | @a安全相似系统学@9an quan xiang si xi tong xue@dSimilar systematology applied to safety@f贾楠,吴超著@zeng |
| 210 | @a北京@c化学工业出版社@d2017.10 | |
| 215 | @a149页@d24cm | |
| 330 | @a本书分别讲述了安全相似系统学的提出与创建、安全相似系统学基础模型、安全相似系统学原理、安全相似系统学方法论及安全相似系统学应用等内容,并阐述了安全相似系统学在系统安全工程中开展相似分析、相似模拟、相似评价及相似管理等的应用实践。 | |
| 510 | 1 | @aSimilar systematology applied to safety@zeng |
| 606 | 0 | @a安全系统学 |
| 690 | @aX913@v5 | |
| 701 | 0 | @a贾楠@9jia nan@4著 |
| 701 | 0 | @a吴超@9wu chao@4著 |
| 801 | 0 | @aCN@b91MARC@c20180513 |
| 905 | @aMuseLib@dX913@e51 | |
| 安全相似系统学=Similar systematology applied to safety/贾楠,吴超著.-北京:化学工业出版社,2017.10 |
| 149页;24cm |
| ISBN 978-7-122-30572-5:CNY78.00 |
| 本书分别讲述了安全相似系统学的提出与创建、安全相似系统学基础模型、安全相似系统学原理、安全相似系统学方法论及安全相似系统学应用等内容,并阐述了安全相似系统学在系统安全工程中开展相似分析、相似模拟、相似评价及相似管理等的应用实践。 |
| ● |
| 相关链接 |
|
|
|
|
正题名:安全相似系统学
索取号:X913/51
 
预约/预借
| 序号 | 登录号 | 条形码 | 馆藏地/架位号 | 状态 | 备注 |
| 1 | 1130165 | 211301651 | 第二样本阅览室/ [索取号:X913/51] | 在馆 | |
| 2 | 1130166 | 211301660 | 第三借阅区/ [索取号:X913/51] | 在馆 | |
| 3 | 1130167 | 211301679 | 第三借阅区/ [索取号:X913/51] | 在馆 | |
| 4 | 1130168 | 211301688 | 第三借阅区/ [索取号:X913/51] | 在馆 | |
| 5 | 1130169 | 211301697 | 密集书库-资源管理系/ [索取号:X913/51] | 在馆 |